| 000 | 01479 a2200229 4500 | ||
|---|---|---|---|
| 001 | 23651 | ||
| 005 | 20260407155522.0 | ||
| 008 | 260407a1988 arg spa d | ||
| 003 | AR-UNSa-BCEJYS | ||
| 040 |
_aAR-UNSa-BCEJYS _bspa _cAR-UNSa-BCEJYS |
||
| 080 |
_a658.3 _xPersonal. Relaciones humanas en la empresa (Recursos Humanos) |
||
| 245 | 1 | 0 | _aAdministración de recursos humanos |
| 020 | _a968-24-3061-5 | ||
| 250 | _a3a. ed | ||
| 264 | 1 |
_aMéxico : _bTrillas _c1988 |
|
| 300 |
_a533 p. _c22 cm. |
||
| 505 | _a1. Teoría de los sistemas – 2. Administración de recursos humanos – 3. El comportamiento humano – 4. Las teorías gerenciales – 5. El supervisor – 6. La función de administración de recursos humanos – 7. Análisis de puestos – 8. Los salarios – 9. Reclutamiento y selección de personal – 10. Inducción – 11. Relaciones entre trabajadores y dirección – 12. Educación y entrenamiento – 13. Medición del desempeño – 14. Higiene y seguridad industrial – 15. Servicios y prestaciones – 16. Comunicación – 17. Proceso de desarrollo organizacional – 18. Terminación de las relaciones de trabajo – 19. Auditorías e investigación relativas a los recursos. | ||
| 942 | _cBK | ||
| 590 | _aniveau_biblio:m niveau_hierar:0 | ||
| 100 | 1 | _aArias Galicia, Fernando | |
| 856 | 4 | 1 |
_uhttps://biblioeco.unsa.edu.ar/pmb/images/libros/Administraci?n de recursos humanos Arias Galicia Fernando (1976).jpg _yImagen de portada _qimage/jpeg |
| 999 |
_c1112 _d1112 |
||